| 000 | 01398cam a2200361 a 4500 | ||
|---|---|---|---|
| 001 | 3220 | ||
| 003 | BD-DhEWU | ||
| 005 | 20181125121240.0 | ||
| 008 | 990203s1999 ii a gdbf 001 0 eng | ||
| 010 | _a 99013998 | ||
| 020 | _a 9780873529754 | ||
| 020 | _a0873529766 (lg. print) | ||
| 035 | _a(OCoLC) 187481498 | ||
| 040 |
_aDLC _cDLC _dDLC _dBD-DhEWU _beng |
||
| 041 | _aeng | ||
| 050 | 0 | 0 |
_aLB2369 _b.G53 1999b |
| 082 | 0 | 0 |
_a808.027 _222 _bGIM 2000 |
| 100 | 1 |
_aGibaldi, Joseph, _d1942- _910994 |
|
| 245 | 1 | 0 |
_aMLA handbook for writers of research papers / _cJoseph Gibaldi. |
| 250 | _a5th ed. | ||
| 260 |
_aNew York : _aNew Delhi : _bModern Language Association of America, _bEast-West Press Ltd. , _cc1999. |
||
| 300 |
_axviii, 332 p. : _bill. ; _c33 cm. |
||
| 504 | _aIncludes bibliographical references and index. | ||
| 526 |
_aEnglish _aSR _aSociology _bDIS |
||
| 590 | _aShaharima Parvin | ||
| 650 | 0 |
_aReport writing _xHandbooks, manuals, etc. _97223 |
|
| 650 | 0 |
_aResearch _xHandbooks, manuals, etc. _910995 |
|
| 710 | 2 |
_aModern Language Association of America. _911841 |
|
| 856 | 4 | 2 |
_3WorldCat details _uhttps://www.worldcat.org/title/mla-handbook-for-writers-of-research-papers/oclc/187481498?referer=br&ht=edition |
| 942 |
_2ddc _cTEXT |
||
| 999 |
_c3220| 4 | 4 | 4 | 4 | 4 _d3220 |
||
| 999 |
_c3220| 4 | 4 | 4 | 4 | 4 _d3220| 4 | 4 | 4 | 4 | 4 |
||
| 999 |
_c3220| 4 | 4 | 4 | 4 | 4 _d3220| 4 | 4 | 4 | 4 | 4 |
||